Central Library || Chittagong University

Introduction to logic : (Record no. 111819)

MARC details
000 -LEADER
fixed length control field 00487nam a22001697a 4500
003 - CONTROL NUMBER IDENTIFIER
control field BD-ChCU
005 - DATE AND TIME OF LATEST TRANSACTION
control field 20260303122949.0
008 - FIXED-LENGTH DATA ELEMENTS--GENERAL INFORMATION
fixed length control field 260303b bg ||||| |||| 00| 0 ben d
040 ## - CATALOGING SOURCE
Transcribing agency BD-ChCU
082 ## - DEWEY DECIMAL CLASSIFICATION NUMBER
Classification number 510.1 TAI
100 ## - MAIN ENTRY--PERSONAL NAME
Personal name Tarski , Alfred.
9 (RLIN) 20741
245 ## - TITLE STATEMENT
Title Introduction to logic :
Remainder of title and methodology of deductive sciences ./
Statement of responsibility, etc. Alfred , Tarski .
260 ## - PUBLICATION, DISTRIBUTION, ETC.
Place of publication, distribution, etc. New York :
Name of publisher, distributor, etc. O.U.P.
Date of publication, distribution, etc. C 1965
300 ## - PHYSICAL DESCRIPTION
Extent xviii , 252p.
650 #0 - SUBJECT ADDED ENTRY--TOPICAL TERM
Topical term or geographic name entry element Mathematics .
9 (RLIN) 20744
942 ## - ADDED ENTRY ELEMENTS (KOHA)
Source of classification or shelving scheme Dewey Decimal Classification
Koha item type Books
Suppress in OPAC No
Holdings
Withdrawn status Lost status Source of classification or shelving scheme Damaged status Not for loan Home library Current library Shelving location Date acquired Source of acquisition Total Checkouts Full call number Barcode Date last seen Copy number Price effective from Koha item type
    Dewey Decimal Classification     Chittagong University Library Chittagong University Library Science Reading Room 03/03/2026 Purchase   510.1 TAI 18750 03/03/2026 C-1 03/03/2026 Books
© Copyright 2025. Chittagong University Library, Installation and Maintenance by Prof. Dr. Md. Alamgir, 01711306253